Statistics for SAT Words HARD Click Quiz - C

Click here to take the quiz!

General Stats

  • This quiz has been taken 182 times
  • The average score is 11 of 15

Answer Stats

HintAnswer% Correct
Mercy, leniencyClemency
95%
Glass bottle for serving a beverageCarafe
87%
Devoted fan of filmCineast
84%
Entrust to another’s careConsign
84%
Memorial monument not at location of remainsCenotaph
81%
Combine, merge; or, muddle two ideasConflate
78%
Dialogue; serious discussionColloquy
73%
Proportionate, equivalentCommensurate
73%
Link or chain togetherConcatenate
67%
False and malicious accusationCalumny
62%
Criminal organizationCamorra
61%
Result; logical consequenceCorollary
60%
Investment of emotional energy into somethingCathexis
58%
Having shapely or comely buttocksCallipygian
50%
Extreme greed; obsessive desire for wealthCupidity
50%

Score Distribution

Percentile by Number Answered

Percent of People with Each Score

Your Score History

You have not taken this quiz